Die Evangelischen Kirchenmusik
| Main Author: | |
|---|---|
| Format: | Book |
| Language: | Undetermined |
| PhysicalDescription: | 171 s. |
| Published: |
Potsdam
Akademische Verlagsgesellschaft Athenaion b.m.h.
1931
|
MARC
| LEADER | 00000nam a2200000 a 4500 | ||
|---|---|---|---|
| 001 | vtls001289060 | ||
| 003 | SK-MaSNL | ||
| 005 | 20260301064908.0 | ||
| 008 | 240315s1931 xx 0 und | ||
| 035 | |a SNK000240675 | ||
| 040 | |a SNK |b slo |c SNK |e AACR2 | ||
| 100 | 1 | |a Blume, Friedrich |4 aut |9 382481 | |
| 245 | 1 | 4 | |a Die Evangelischen Kirchenmusik |
| 260 | |a Potsdam |b Akademische Verlagsgesellschaft Athenaion b.m.h. |c 1931 | ||
| 300 | |a 171 s. | ||
| 999 | |c 628643 |d 630573 | ||
| 952 | |a SNK |b SNK |y VYP |7 0 |p 17A0063887 |o snkIB 947 |i snkIII. 1569/46 |0 0 |1 0 |4 0 |d 1997-06-02 |l 0 |r 2005-01-02 00:00:00 |w 2026-02-23 | ||


